000 00953cam a2200241 a 4500
001 000011523
005 20200929162459.0
008 710506s1968 xxca b 001 0 eng
040 _aDO-SdBNP
_bspa
_cLC
_dBNPHU
082 _a620.1
_bM486s
245 0 0 _aMechanics of the solid state /
_cedición F. P. J. Rimrott y J. Schwaighofer.
260 _a[Toronto] :
_bUniversity of Toronto Press,
_c1968.
300 _a277 p. :
_bil. ;
_c25 cm.
500 _a"Las contribuciones que componen este volumen se dedica al profesor José Marín en ocasión de su sexagésimo cumpleaños en 1965."
504 _aIncluye bibliografías.
650 4 _aMateriales
_94274
600 1 0 _aMarin, Joseph,
_d1905-1966.
_927254
700 1 _aRimrott, F. P. J.
_q(Friedrich Paul Johannes),
_d1927-
_eed.
_927255
700 1 _aMarin, Joseph,
_d1905-1966.
_927254
700 1 _aSchwaighofer, Joseph,
_d1924-
_eed.
_927256
910 _aCatalogación por copia / LC
049 _aBNGR
999 _c11219
_d11219